| 000 | 01082nas a2200325 4500 | ||
|---|---|---|---|
| 001 | BR0302368 | ||
| 003 | BR-BrBNA | ||
| 005 | 20231205103758.0 | ||
| 007 | ta | ||
| 008 | 230509b bl.|||p| |||| 00| 00por d | ||
| 040 |
_aBR-BrBNA _bpor _cBiblioteca Nacional de Agricultura |
||
| 041 | _a(En) | ||
| 072 | _aH10; H20 | ||
| 100 | 1 | _aDuponnois, R. | |
| 100 | 1 | _aFounoune, H. | |
| 100 | 1 | _aThiolouse, J. | |
| 245 | 1 | _aInteractions between some bacterial strins belonging to the fluoresent Pseudomonas group and the Nematophagous fungs Arthrobotrys sp. isolate T41: effect on fungal development and activity agains plant - parasitic nematodes | |
| 650 | _aFUMO | ||
| 650 | _aFUNGO PARA CONTROLE BIOLÓGICO | ||
| 650 | _aMICROFLORA | ||
| 650 | _aNEMATÓIDE | ||
| 650 | _aCULTURA IN VITRO | ||
| 650 | _aMELOIDOGINOSE | ||
| 650 | _aESTUFA | ||
| 650 | _aBACTÉRIA | ||
| 650 | _aINOCULAÇÃO | ||
| 773 | 0 |
_tNematologia Brasileira (Brazil) _xISSN 0102-2997 _g(Dec 2002), v. 26(2) p. 141-151 _wBR0302368 |
|
| 909 |
_a202311 _bLúcia _c55 _dLúcia Elande |
||
| 942 |
_2AGRIS _n0 _cANA |
||
| 999 |
_c174684 _d174684 |
||